|
|
|
|
| LEADER |
00000nab a2200000 ar4500 |
| 001 |
vtls008839452 |
| 003 |
SK-MaSNL |
| 005 |
20260304040853.0 |
| 008 |
060816c1996 xo |r|p|||||||000 b|slo |
| 015 |
|
|
|a SNBRB2006/08
|
| 038 |
|
|
|a SNKBUCL
|
| 040 |
|
|
|a SNKBUCL
|b slo
|c SNKBUCL
|e AACR2
|
| 041 |
0 |
|
|a slo
|
| 044 |
|
|
|a xo
|c SK
|
| 080 |
|
|
|a 323.113(=162.4)(564.3)
|2 2001
|
| 080 |
|
|
|a 316.022.4(=162.4)(564.3)
|2 2001
|
| 100 |
1 |
|
|a Loizou, Alojzia
|4 aut
|9 1322265
|
| 245 |
1 |
0 |
|a Slováci z Cypru sa predstavujú
|c Alojzia Loizou
|
| 650 |
0 |
7 |
|a Slováci v zahraničí
|2 snkbucl
|9 14695
|
| 651 |
|
7 |
|a Cyprus
|2 snkbucl
|9 145814
|
| 773 |
0 |
|
|t Slovenské zahraničie
|g Roč. 1, č. 3 (1996), s. 6
|x 1335-4396
|
| 852 |
|
|
|a SNK
|b KIS3GCP
|
| 958 |
|
|
|a SK
|
| 999 |
|
|
|c 2665415
|d 2667345
|